[Event "Rhone op"]
[Site "Marcy Etoile"]
[Date "2007.04.04"]
[Round "5"]
[White "Gomez Jurado, Luis Alberto"]
[Black "Meinsohn, Pierre"]
[Result "1-0"]
[WhiteElo "2289"]
[BlackElo "2261"]
[PlyCount "61"]
[EventDate "2007.04.01"]
[EventType "swiss"]
[EventRounds "9"]
[EventCountry "FRA"]
[SourceTitle "CBM 117 Extra"]
[Source "ChessBase"]
[SourceDate "2007.05.09"]
[SourceVersion "1"]
[SourceVersionDate "2007.05.09"]
[SourceQuality "1"]

1. d4 Nf6 2. Nf3 c5 3. d5 g6 4. c4 b5 5. cxb5 a6 6. Qc2 d6 7. e4 Bg7 8. Nc3 0-0 9. Be2 axb5 10. Bxb5 Ba6 11. Bxa6 Nxa6 12. 0-0 Qb6 13. a4 Rfe8 14. Rd1 Rab8 15. Nb5 Nb4 16. Qc4 h6 17. e5 dxe5 18. Nxe5 e6 19. d6 Nc6 20. Bf4 Nxe5 21. Bxe5 Nd7 22. Bxg7 Kxg7 23. Nc7 Red8 24. a5 Qxb2 25. a6 Qf6 26. a7 Rb2 27. Rf1 Nb6 28. Qxc5 Na8 29. Qc6 Nxc7 30. dxc7 Rdd2 31. Qf3 1-0

[Event "Lyon Rhone op"]
[Site "Lyon"]
[Date "2006.??.??"]
[Round "5"]
[White "Inkiov, Ventzislav"]
[Black "Meinsohn, Pierre"]
[Result "1-0"]
[WhiteElo "2517"]
[BlackElo "2243"]
[PlyCount "45"]
[EventDate "2006.04.??"]
[EventType "swiss"]
[EventRounds "9"]
[EventCountry "FRA"]
[SourceTitle "EXT 2007"]
[Source "ChessBase"]
[SourceDate "2006.11.23"]
[SourceVersion "1"]
[SourceVersionDate "2006.11.23"]
[SourceQuality "1"]

1. e4 e5 2. Bc4 Nf6 3. d3 c6 4. Nf3 d5 5. Bb3 a5 6. a3 a4 7. Ba2 Bd6 8. Nc3 Be6 9. Bg5 Ra5 10. 0-0 Nbd7 11. d4 h6 12. Bxf6 Qxf6 13. Qe1 b6 14. dxe5 Nxe5 15. Nxe5 Bxe5 16. exd5 cxd5 17. Bxd5 0-0 18. Bxe6 fxe6 19. Rd1 Bxh2+ 20. Kxh2 Rh5+ 21. Kg1 Qf4 22. Qxe6+ Kh8 23. Qd6 1-0

[Event "Lyon Rhone op"]
[Site "Lyon"]
[Date "2006.??.??"]
[Round "3"]
[White "Janev, Evgeni"]
[Black "Meinsohn, Pierre"]
[Result "1-0"]
[WhiteElo "2495"]
[BlackElo "2243"]
[PlyCount "112"]
[EventDate "2006.04.??"]
[EventType "swiss"]
[EventRounds "9"]
[EventCountry "FRA"]
[SourceTitle "EXT 2007"]
[Source "ChessBase"]
[SourceDate "2006.11.23"]
[SourceVersion "1"]
[SourceVersionDate "2006.11.23"]
[SourceQuality "1"]

1. c4 e5 2. Nc3 Nf6 3. g3 Bb4 4. Bg2 0-0 5. e4 Bxc3 6. dxc3 d6 7. Qc2 Be6 8. b3 h6 9. Nf3 Nbd7 10. 0-0 a6 11. a4 Nc5 12. Nd2 Qc8 13. b4 Ncd7 14. a5 Nh7 15. Qd3 Rb8 16. Nf3 b5 17. cxb5 axb5 18. Rd1 Bc4 19. Qc2 Ndf6 20. Nd2 Be2 21. Re1 Bg4 22. Nf1 Bh3 23. Qd3 Be6 24. h4 Bc4 25. Qd1 Rd8 26. Ne3 Be6 27. Qe2 c6 28. Nf5 Bxf5 29. exf5 Nd5 30. Qd3 Nhf6 31. Bd2 Re8 32. Rac1 Qd7 33. c4 bxc4 34. Rxc4 Ne7 35. Rcc1 Rec8 36. Bh3 Ned5 37. Rc4 Nc7 38. g4 d5 39. Rcc1 e4 40. Qg3 e3 41. Qxe3 Ne4 42. f6 Ne6 43. fxg7 Nxd2 44. Qxd2 Kxg7 45. g5 Rh8 46. Bxe6 fxe6 47. Qd4+ Kh7 48. Re5 Rhf8 49. Rce1 Rbe8 50. Qg4 Qg7 51. g6+ Qxg6 52. Qxg6+ Kxg6 53. Rxe6+ Rxe6 54. Rxe6+ Kf5 55. Rxc6 Rb8 56. Rb6 Rg8+ 1-0

[Event "Clermont Ferrand op 21st"]
[Site "Clermont Ferrand"]
[Date "2001.??.??"]
[Round "4"]
[White "Charnushevich, Aliaksei"]
[Black "Meinsohn, Pierre"]
[Result "1-0"]
[WhiteElo "2435"]
[BlackElo "2359"]
[PlyCount "59"]
[EventDate "2001.??.??"]
[EventType "swiss"]
[EventRounds "9"]
[EventCountry "FRA"]
[SourceTitle "EXT 2002"]
[Source "ChessBase"]
[SourceDate "2001.11.25"]
[SourceVersion "1"]
[SourceVersionDate "2001.11.25"]
[SourceQuality "1"]

1. d4 Nf6 2. c4 c5 3. Nf3 cxd4 4. Nxd4 e5 5. Nb5 d5 6. cxd5 Bc5 7. N5c3 0-0 8. e3 e4 9. Be2 Qe7 10. a3 Rd8 11. b4 Bd6 12. Bb2 a5 13. b5 Nbd7 14. Nd2 Nb6 15. Nc4 Nxc4 16. Bxc4 Bf5 17. Ne2 Rac8 18. Qd4 Bc5 19. Qc3 Qc7 20. Rc1 Bf8 21. 0-0 Qb6 22. Qb3 Ne8 23. Ng3 Bg6 24. Be2 Bc5 25. Bg4 Rc7 26. Be5 Nd6 27. Qb2 f6 28. Be6+ Kh8 29. Bxf6 Re8 30. Be5 1-0

[Event "FRA"]
[Site "France"]
[Date "1993.??.??"]
[Round "?"]
[White "Meinsohn, Pierre"]
[Black "Cerisier, Philippe"]
[Result "1/2-1/2"]
[WhiteElo "2380"]
[BlackElo "2285"]
[PlyCount "29"]
[EventDate "1993.??.??"]
[EventType "team"]
[EventRounds "11"]
[EventCountry "FRA"]
[SourceTitle "TD"]
[Source "ChessBase"]
[SourceDate "1994.03.01"]
[SourceVersion "1"]
[SourceVersionDate "1994.03.01"]
[SourceQuality "1"]

1. d4 Nf6 2. Nf3 e6 3. Bg5 h6 4. Bxf6 Qxf6 5. e4 d6 6. Nc3 g5 7. Qd2 g4 8. Ng1 h5 9. f4 gxf3 10. Nxf3 Bh6 11. Qf2 Bd7 12. g3 Nc6 13. Bg2 h4 14. gxh4 0-0-0 15. Rd1 1/2-1/2

[Event "FRA-chT"]
[Site "France"]
[Date "1991.??.??"]
[Round "?"]
[White "Meinsohn, Pierre"]
[Black "Tagnon, Nicole"]
[Result "1-0"]
[WhiteElo "2335"]
[BlackElo "2110"]
[PlyCount "111"]
[EventDate "1991.??.??"]
[EventType "team"]
[EventRounds "12"]
[EventCountry "FRA"]
[SourceTitle "TD"]
[Source "ChessBase"]
[SourceDate "1994.03.01"]
[SourceVersion "1"]
[SourceVersionDate "1994.03.01"]
[SourceQuality "1"]

1. d4 Nf6 2. Nf3 c5 3. d5 b5 4. Bg5 Qb6 5. Bxf6 Qxf6 6. c3 d6 7. e4 a6 8. Nbd2 Nd7 9. Be2 g6 10. 0-0 Bh6 11. a4 Rb8 12. axb5 axb5 13. Qc2 0-0 14. Ra7 c4 15. Re1 Nc5 16. Bf1 Re8 17. Nd4 Qf4 18. N2f3 Bg4 19. g3 Qf6 20. e5 dxe5 21. Nxe5 Bc8 22. f4 Qb6 23. Nec6 Bb7 24. Qf2 Bf8 25. Raa1 Bxc6 26. Nxc6 Nb3 27. Rad1 Qxf2+ 28. Kxf2 Ra8 29. Re2 Nc5 30. Nb4 Rad8 31. Bg2 e6 32. Kf1 exd5 33. Rxe8 Rxe8 34. Bxd5 Na4 35. Bc6 Rb8 36. Nd5 Nxb2 37. Rb1 Nd3 38. Rxb5 Rd8 39. Nf6+ Kg7 40. Ne4 Kg8 41. Nf6+ Kg7 42. Nd7 Be7 43. Rb7 Nc5 44. Nxc5 Bxc5 45. Bb5 Rd2 46. Bxc4 Rxh2 47. Rxf7+ Kh8 48. Bd5 Rc2 49. c4 Bf2 50. g4 Be3 51. Ke1 Rf2 52. Re7 Bc5 53. Rc7 Bd4 54. f5 gxf5 55. g5 h5 56. g6 1-0

[Event "Cannes op2"]
[Site "Cannes"]
[Date "1990.??.??"]
[Round "?"]
[White "Meinsohn, Pierre"]
[Black "Tibensky, Robert"]
[Result "0-1"]
[WhiteElo "2295"]
[BlackElo "2390"]
[PlyCount "68"]
[EventDate "1990.??.??"]
[EventType "swiss"]
[EventRounds "9"]
[EventCountry "FRA"]
[SourceTitle "EXT 1999"]
[Source "ChessBase"]
[SourceDate "1998.11.16"]
[SourceVersion "1"]
[SourceVersionDate "1998.11.16"]
[SourceQuality "1"]

1. d4 Nf6 2. Nf3 g6 3. Bg5 Bg7 4. Nbd2 0-0 5. c3 d5 6. e3 c5 7. Bd3 Qb6 8. Rb1 Nc6 9. 0-0 e5 10. Bxf6 Bxf6 11. e4 Be6 12. exd5 Bxd5 13. Bc4 Rfd8 14. Bxd5 Rxd5 15. dxc5 Qxc5 16. Qb3 Na5 17. Qa4 Qc7 18. Ne4 Bg7 19. b4 Nc4 20. Rfd1 Nb6 21. Qb3 Rad8 22. a4 Qc4 23. Rxd5 Rxd5 24. Qc2 f5 25. Nc5 e4 26. Ng5 Qxc3 27. Qe2 Nc4 28. h4 b6 29. Rd1 Rxd1+ 30. Qxd1 Qd4 31. Qb3 bxc5 32. bxc5 Be5 33. g3 h6 34. Ne6 Qd5 0-1

[Event "Lyon op"]
[Site "Lyon"]
[Date "1990.??.??"]
[Round "?"]
[White "Thorsteins, Karl"]
[Black "Meinsohn, Pierre"]
[Result "1-0"]
[WhiteElo "2455"]
[BlackElo "2295"]
[PlyCount "83"]
[EventDate "1990.12.??"]
[EventType "swiss"]
[EventRounds "11"]
[EventCountry "FRA"]
[SourceTitle "EXT 1997"]
[Source "ChessBase"]
[SourceDate "1996.11.15"]
[SourceVersion "1"]
[SourceVersionDate "1996.11.15"]
[SourceQuality "1"]

1. d4 Nf6 2. c4 c5 3. d5 b5 4. cxb5 a6 5. e3 g6 6. Nc3 Bg7 7. Nf3 0-0 8. a4 Bb7 9. Ra3 e6 10. dxe6 fxe6 11. Qd6 Bxf3 12. gxf3 Qc8 13. f4 Ne8 14. Qd1 axb5 15. Bxb5 Nc7 16. Be2 d5 17. h4 Nc6 18. h5 Ne7 19. hxg6 hxg6 20. e4 Qb7 21. Nb5 c4 22. Bg4 Ra6 23. Nxc7 Qxc7 24. exd5 exd5 25. Qe2 Nf5 26. Bxf5 Rxf5 27. Re3 Qa5+ 28. Kf1 Qxa4 29. Re7 Rf7 30. Rxf7 Kxf7 31. f5 Qd7 32. fxg6+ Rxg6 33. Rh5 Kg8 34. Qf3 c3 35. Rxd5 cxb2 36. Bxb2 Qc8 37. Qd3 Qg4 38. Bxg7 Kxg7 39. Rd7+ Kh6 40. Qe3+ Qg5 41. Qh3+ Qh5 42. Rh7+ 1-0

[Event "FRA-chT 8687"]
[Site "France"]
[Date "1986.10.??"]
[Round "1"]
[White "Meinsohn, Pierre"]
[Black "Renet, Olivier"]
[Result "0-1"]
[WhiteElo "2320"]
[BlackElo "2460"]
[PlyCount "66"]
[EventDate "1986.10.25"]
[EventType "team-tourn"]
[EventRounds "11"]
[EventCountry "FRA"]
[SourceTitle "EXT 2004"]
[Source "ChessBase"]
[SourceDate "2003.11.25"]
[SourceVersion "1"]
[SourceVersionDate "2003.11.25"]
[SourceQuality "1"]
[WhiteTeam "Dortan"]
[BlackTeam "Clichy"]
[WhiteTeamCountry "FRA"]
[BlackTeamCountry "FRA"]

1. d4 Nf6 2. Nf3 e6 3. Bg5 c5 4. e3 Be7 5. Nbd2 b6 6. Bd3 Bb7 7. 0-0 Nc6 8. c3 d5 9. Ne5 Nxe5 10. dxe5 Nd7 11. Bxe7 Qxe7 12. f4 0-0 13. Nf3 f6 14. exf6 Nxf6 15. Qe2 g6 16. Rad1 Kg7 17. Ng5 Rad8 18. Bc2 e5 19. f5 Bc8 20. e4 h6 21. Nf3 dxe4 22. Nh4 Rxd1 23. Bxd1 gxf5 24. Rxf5 Qd8 25. Rf1 Bg4 26. Qc2 Qd3 27. Qa4 Bxd1 28. Nf5+ Kg6 29. Rxd1 Kxf5 30. Rxd3 exd3 31. g4+ Kg5 32. Qd1 c4 33. h3 Rd8 0-1

[Event "FRA-ch 55th"]
[Site "Puteaux"]
[Date "1980.08.27"]
[Round "7"]
[White "Roos, Daniel"]
[Black "Meinsohn, Pierre"]
[Result "1-0"]
[WhiteElo "2380"]
[BlackElo "2210"]
[PlyCount "79"]
[EventDate "1980.08.20"]
[EventType "swiss"]
[EventRounds "11"]
[EventCountry "FRA"]
[SourceTitle "EXT 2014"]
[Source "ChessBase"]
[SourceDate "2013.11.20"]
[SourceVersion "1"]
[SourceVersionDate "2013.11.20"]
[SourceQuality "1"]

1. e4 e5 2. Nf3 Nc6 3. Bc4 Nf6 4. d3 Be7 5. Nc3 d6 6. h3 0-0 7. Be3 Na5 8. a3 Nxc4 9. dxc4 c6 10. Qd3 Nxe4 11. Nxe4 f5 12. Nxd6 Qxd6 13. Qxd6 Bxd6 14. 0-0-0 Bc7 15. Bc5 Rf6 16. Be7 Re6 17. Bd8 Bd6 18. Ng5 Rg6 19. h4 e4 20. g3 Bc5 21. Nh3 b6 22. b4 Bf8 23. Kb2 Re6 24. Bg5 Re8 25. Be3 Be6 26. Kc3 Rec8 27. Ng5 Bf7 28. Nxf7 Kxf7 29. Rd7+ Ke8 30. Rb7 Rcb8 31. Rxb8+ Rxb8 32. Kd4 g6 33. Ke5 Kf7 34. g4 Re8+ 35. Kf4 Bd6+ 36. Kg5 Be7+ 37. Kf4 Bd6+ 38. Kg5 f4 39. Bd4 Rd8 40. Bc3 1-0

[Event "Mitropa Cup-04"]
[Site "Bern"]
[Date "1979.10.08"]
[Round "2.3"]
[White "Meinsohn, Pierre"]
[Black "Feller, Joseph"]
[Result "1-0"]
[WhiteElo "2290"]
[BlackElo "2225"]
[PlyCount "57"]
[EventDate "1979.10.07"]
[EventType "team-tourn"]
[EventRounds "7"]
[EventCountry "SUI"]
[SourceTitle "EXT 2004"]
[Source "ChessBase"]
[SourceDate "2003.11.25"]
[SourceVersion "1"]
[SourceVersionDate "2003.11.25"]
[SourceQuality "1"]
[WhiteTeam "France"]
[BlackTeam "Luxembourg"]
[WhiteTeamCountry "FRA"]
[BlackTeamCountry "LUX"]

1. d4 Nf6 2. c4 g6 3. Nc3 d5 4. cxd5 Nxd5 5. e4 Nxc3 6. bxc3 c5 7. Nf3 Bg7 8. Be2 0-0 9. 0-0 b6 10. Bg5 cxd4 11. cxd4 Bb7 12. Qd3 Nc6 13. Rad1 Qd7 14. d5 Na5 15. Nd4 Rac8 16. Qg3 Bxd4 17. Rxd4 Rc2 18. Bg4 Qc7 19. d6 exd6 20. Bf6 Nc6 21. Rxd6 h6 22. Qf4 Kh7 23. Bg7 Kxg7 24. Rxg6+ fxg6 25. Qxc7+ Rf7 26. Qd6 Ba6 27. Qd1 Nb4 28. Be6 Rf8 29. Qd4+ 1-0

[Event "Mitropa Cup-04"]
[Site "Bern"]
[Date "1979.10.07"]
[Round "1.3"]
[White "Schauwecker, Meinrad"]
[Black "Meinsohn, Pierre"]
[Result "1-0"]
[WhiteElo "2365"]
[BlackElo "2290"]
[PlyCount "79"]
[EventDate "1979.10.07"]
[EventType "team-tourn"]
[EventRounds "7"]
[EventCountry "SUI"]
[SourceTitle "EXT 2004"]
[Source "ChessBase"]
[SourceDate "2003.11.25"]
[SourceVersion "1"]
[SourceVersionDate "2003.11.25"]
[SourceQuality "1"]
[WhiteTeam "Switzerland"]
[BlackTeam "France"]
[WhiteTeamCountry "SUI"]
[BlackTeamCountry "FRA"]

1. d4 d5 2. Nf3 e6 3. c4 c5 4. e3 Nc6 5. Nc3 Nf6 6. cxd5 exd5 7. Be2 cxd4 8. Nxd4 Bd6 9. 0-0 0-0 10. Nxc6 bxc6 11. b3 Qe7 12. Bb2 Qe5 13. g3 Bh3 14. Re1 Rfe8 15. Rc1 Qe7 16. Bf3 Bb4 17. Qd3 Rad8 18. Red1 h6 19. Ne2 Rc8 20. Nf4 Bd7 21. Qc2 Ba3 22. Rd2 Bxb2 23. Qxb2 Bf5 24. Nh5 Nxh5 25. Bxh5 Red8 26. Bf3 Be4 27. Bxe4 Qxe4 28. Rc5 Re8 29. Qc1 h5 30. Rxc6 Rxc6 31. Qxc6 Qb1+ 32. Kg2 Qe4+ 33. Kf1 Re5 34. Qc8+ Re8 35. Qd7 Re5 36. h4 Qh1+ 37. Ke2 g6 38. Qxa7 Rf5 39. Qd4 Qg1 40. Kd3 1-0